Intención y conciencia en la ética de Abelardo
Сохранить в:
| Главный автор: | |
|---|---|
| Формат: | |
| Язык: | испанский |
| Опубликовано: |
Lima
Pontificia Universidad Católica del Perú
1992
|
| Редактирование: | 1a. ed |
| Предметы: | |
| Метки: |
Добавить метку
Нет меток, Требуется 1-ая метка записи!
|
MARC
| LEADER | 00000cam a2200000 a 4500 | ||
|---|---|---|---|
| 001 | UCE7041 | ||
| 003 | CL-VaPUC | ||
| 008 | 150520e19920000pe |||||||||||||||||spa|d | ||
| 082 | 0 | 4 | |a 234.1 |b BAC |2 21 |
| 100 | 0 | |a Bacigalupo, Luis E |e author |9 579758 | |
| 245 | 1 | 0 | |a Intención y conciencia en la ética de Abelardo |
| 250 | |a 1a. ed | ||
| 300 | |a 339 p | ||
| 942 | |c BK | ||
| 945 | |d 20150520 16:51:00 |a dcastane | ||
| 260 | |a Lima |b Pontificia Universidad Católica del Perú |c 1992 | ||
| 650 | 0 | |a Conceptos morales |9 310606 | |
| 650 | 0 | |a Conciencia moral |9 314371 | |
| 650 | 7 | |a CONCILIACION |2 CL-VaPUC |9 341638 | |
| 650 | 0 | |a Fe |9 308036 | |
| 650 | 0 | |a Pecado |9 314980 | |
| 583 | |a last modification |c 20150520 16:51:00 |k Rodrigo Vera | ||
| 999 | |c 359183 |d 359181 | ||
| 952 | |0 0 |1 0 |3 erb |4 0 |6 234_100000000000000_BAC_1992 |7 0 |8 A |9 468255 |a BIBTEO |b BIBTEO |e Casale Rolle, Carlos Ignacio, -2014 |i 5173884 |o 234.1 BAC 1992 |p 5173884 |r 2025-01-17 |w 2019-11-23 |y BK |z Catalogado en:20150520 |k ICR | ||